<?xml version="1.0" encoding="UTF-8"?>
<collection xmlns="http://www.loc.gov/MARC21/slim">
<record>
  <controlfield tag="001">117887</controlfield>
  <controlfield tag="005">20220725102151.0</controlfield>
  <datafield tag="037" ind1=" " ind2=" ">
    <subfield code="a">TAZ-TFG-2022-752</subfield>
  </datafield>
  <datafield tag="041" ind1=" " ind2=" ">
    <subfield code="a">spa</subfield>
  </datafield>
  <datafield tag="100" ind1="1" ind2=" ">
    <subfield code="a">Pérez Pérez, Silvia</subfield>
  </datafield>
  <datafield tag="242" ind1="0" ind2="0">
    <subfield code="a">Occupational therapy intervention in a clinical case of hemiplegia as a consequence of hemorrhagic stroke</subfield>
  </datafield>
  <datafield tag="245" ind1="0" ind2="0">
    <subfield code="a">Intervención desde terapia ocupacional en un caso clínico de hemiplejia a consecuencia de un ictus hemorrágico</subfield>
  </datafield>
  <datafield tag="260" ind1=" " ind2=" ">
    <subfield code="a">Zaragoza</subfield>
    <subfield code="b">Universidad de Zaragoza</subfield>
    <subfield code="c">2022</subfield>
  </datafield>
  <datafield tag="506" ind1=" " ind2=" ">
    <subfield code="a">by-nc-sa</subfield>
    <subfield code="b">Creative Commons</subfield>
    <subfield code="c">3.0</subfield>
    <subfield code="u">http://creativecommons.org/licenses/by-nc-sa/3.0/</subfield>
  </datafield>
  <datafield tag="520" ind1=" " ind2=" ">
    <subfield code="a">Introducción: El Accidente Cerebro Vascular (ACV) o ictus supone una gran tasa de morbilidad y discapacidad en nuestro país. El objetivo desde Terapia Ocupacional en esta área es capacitar a las personas que han sufrido un ACV para que puedan volver a desempeñar sus Actividades de la Vida Diaria (AVD) de la forma más autónoma y funcional posible.&lt;br />Metodología: El caso clínico que se presenta en este trabajo es de un paciente el cual ha sufrido un ACV hemorrágico. A consecuencia de esto presenta una hemiplejia en el lado izquierdo impidiéndole el desempeño autónomo de sus AVD básicas e instrumentales. La rehabilitación se llevó a cabo en el Hospital Universitario Miguel Servet (HUMS) y la intervención se desarrolló teniendo en cuenta el Modelo de Ocupación Humana (MOHO), el Modelo Cinesiológico-Biomecánico y el Modelo Neuromotriz.&lt;br />Desarrollo: Hubo una clara mejoría en el estado funcional del paciente la cual  se  demostró  a  través  de  las  siguientes  evaluaciones:  Medida  de Independencia Funcional (FIM), el Índice de Barthel (IB) y la Escala de Lawton y Brody.&lt;br />Conclusiones: Se demuestra la importancia de la intervención desde Terapia Ocupacional para la mejoría de la independencia funcional en pacientes que han sufrido un ACV.&lt;br />Palabras  Clave: "accidente cerebro vascular", "ictus", "ACV hemorrágico", "hemiplejia", "terapia ocupacional","actividades de la vida diaria", "desempeño ocupacional".&lt;br />"&lt;br /></subfield>
  </datafield>
  <datafield tag="521" ind1=" " ind2=" ">
    <subfield code="a">Graduado en Terapia Ocupacional</subfield>
  </datafield>
  <datafield tag="540" ind1=" " ind2=" ">
    <subfield code="a">Derechos regulados por licencia Creative Commons</subfield>
  </datafield>
  <datafield tag="700" ind1=" " ind2=" ">
    <subfield code="a">Jiménez Bernadó, María Teresa</subfield>
    <subfield code="e">dir.</subfield>
  </datafield>
  <datafield tag="710" ind1="2" ind2=" ">
    <subfield code="a">Universidad de Zaragoza</subfield>
    <subfield code="b">Fisiatría y Enfermería</subfield>
    <subfield code="c">Fisioterapia</subfield>
  </datafield>
  <datafield tag="856" ind1="0" ind2=" ">
    <subfield code="f">748787@unizar.es</subfield>
  </datafield>
  <datafield tag="856" ind1="4" ind2=" ">
    <subfield code="s">5651718</subfield>
    <subfield code="u">http://zaguan.unizar.es/record/117887/files/TAZ-TFG-2022-752.pdf</subfield>
    <subfield code="y">Memoria (spa)</subfield>
  </datafield>
  <datafield tag="909" ind1="C" ind2="O">
    <subfield code="o">oai:zaguan.unizar.es:117887</subfield>
    <subfield code="p">driver</subfield>
    <subfield code="p">trabajos-fin-grado</subfield>
  </datafield>
  <datafield tag="950" ind1=" " ind2=" ">
    <subfield code="a"></subfield>
  </datafield>
  <datafield tag="980" ind1=" " ind2=" ">
    <subfield code="a">TAZ</subfield>
    <subfield code="b">TFG</subfield>
    <subfield code="c">EUCS</subfield>
  </datafield>
  <datafield tag="999" ind1=" " ind2=" ">
    <subfield code="a">20220523205342.CREATION_DATE</subfield>
  </datafield>
  <datafield tag="951" ind1=" " ind2=" ">
    <subfield code="a">deposita:2022-07-25</subfield>
  </datafield>
</record>
</collection>